000 00749nam a2200253Ia 4500
003 OSt
005 20221006161002.0
006 a|||||r|||| 00| 0
007 ta
008 221006b |||||||| |||| 00| 0 eng d
020 _a9780805841541
024 _a47,035
037 _cTextual
040 _aEASL
_cEASL
_beng
041 _2eng
_aeng
082 _aX: 973(T:32).42, P3
100 _aKANNO Yasuko Au.
_9675626
245 0 _aNegotiating bilingual and bicultural identities
_b Japanese returnees betwixt two world
260 _aNew York
_bRoutledge Taylor & Francis Group
_c2003
300 _a185p.
_ccm.
490 _v JEL
942 _hX: 973(T:32).42, P3
_cTEXL
_2CC
999 _c1115124
_d1115124